000
003280000a22001450004500
005
20120302065113.0
942
_c
BOOK
100
_a
_a
_b
_c
245
_a
Akkamahadevinchi Vachan Sumane
260
_a
Belgaon:Shree.Shreeshail Somling Dodmani
300
_a
190p
040
_a
Mar
365
_b
100/-
650
_a
Santavangmay
999
_c
363901
_d
363898